[Event "BL2-Ost 1213"]
[Site "Germany"]
[Date "2013.02.03"]
[Round "6.5"]
[White "Rausch, Stephan"]
[Black "Opitz, Alexander"]
[Result "1/2-1/2"]
[WhiteElo "2307"]
[BlackElo "2308"]
[PlyCount "76"]
[EventDate "2012.10.14"]
[EventType "team-tourn"]
[EventRounds "9"]
[EventCountry "GER"]
[SourceTitle "CBM 154 Extra"]
[Source "ChessBase"]
[SourceDate "2013.06.25"]
[SourceVersion "2"]
[SourceVersionDate "2013.06.25"]
[SourceQuality "1"]
[WhiteTeam "Leipzig SG"]
[BlackTeam "Bindlach"]
[WhiteTeamCountry "GER"]
[BlackTeamCountry "GER"]

1. d4 Nf6 2. Nf3 g6 3. c4 Bg7 4. Nc3 d5 5. e3 0-0 6. Qb3 dxc4 7. Bxc4 c5 8. d5 a6 9. a4 Nbd7 10. Qd1 Ne8 11. 0-0 Nd6 12. Bd3 Rb8 13. a5 b5 14. axb6 Qxb6 15. Re1 Ne5 16. Nxe5 Bxe5 17. Kh1 f5 18. f4 Bf6 19. e4 fxe4 20. Nxe4 Nxe4 21. Bxe4 c4 22. Ra4 Bxb2 23. Rxc4 Bf6 24. Ba3 Qb3 25. Qc1 Bb2 26. Bxb2 Qxb2 27. Qe3 Qb6 28. Qg3 Bd7 29. h4 Qd6 30. Bf3 Rb4 31. Rxb4 Qxb4 32. Re4 Qd6 33. Qg5 Rf6 34. h5 Kg7 35. hxg6 hxg6 36. Qe5 Kf7 37. Qg5 Kg7 38. Qe5 Kf7 1/2-1/2

[Event "BL2-Ost 1213"]
[Site "Germany"]
[Date "2013.01.13"]
[Round "5.6"]
[White "Schmitz, Thorsten"]
[Black "Opitz, Alexander"]
[Result "1/2-1/2"]
[WhiteElo "2342"]
[BlackElo "2308"]
[PlyCount "121"]
[EventDate "2012.10.14"]
[EventType "team-tourn"]
[EventRounds "9"]
[EventCountry "GER"]
[SourceTitle "CBM 154 Extra"]
[Source "ChessBase"]
[SourceDate "2013.06.25"]
[SourceVersion "2"]
[SourceVersionDate "2013.06.25"]
[SourceQuality "1"]
[WhiteTeam "Garching"]
[BlackTeam "Bindlach"]
[WhiteTeamCountry "GER"]
[BlackTeamCountry "GER"]

1. e4 e5 2. Nf3 Nc6 3. Bc4 Bc5 4. c3 Nf6 5. d4 exd4 6. cxd4 Bb4+ 7. Bd2 Bxd2+ 8. Nbxd2 d5 9. exd5 Nxd5 10. 0-0 0-0 11. Rc1 Nb6 12. Bb3 a5 13. a4 Bf5 14. Re1 Nb4 15. Ne5 N6d5 16. Qf3 Be6 17. Ne4 b6 18. Qg3 h6 19. Bc4 c6 20. Bf1 Rc8 21. Nc4 Qc7 22. Qh4 Qf4 23. Qxf4 Nxf4 24. Red1 Nfd5 25. h3 Rfd8 26. Ned2 Kf8 27. Nf3 Rb8 28. Rd2 Ne7 29. Be2 f6 30. Ne3 Ned5 31. Bc4 Rd6 32. Bxd5 Bxd5 33. Nxd5 Rxd5 34. Re2 Re8 35. Rce1 Rxe2 36. Rxe2 Kf7 37. g3 h5 38. h4 Rd6 39. Kf1 Re6 40. Nd2 Nc2 41. Nc4 Nxd4 42. Rxe6 Kxe6 43. Nxb6 Kd6 44. Nc4+ Kc5 45. Nxa5 Kb4 46. Nb7 Kxa4 47. Ke1 Kb3 48. Kd2 g5 49. Kd3 gxh4 50. gxh4 Nf5 51. Na5+ Kxb2 52. Nxc6 Nxh4 53. Ne7 Nf3 54. Ke3 Ne5 55. Nd5 Ng4+ 56. Kf4 Nxf2 57. Nxf6 h4 58. Kf3 h3 59. Kxf2 h2 60. Kg2 h1Q+ 61. Kxh1 1/2-1/2

[Event "BL2-Ost 1213"]
[Site "Germany"]
[Date "2012.12.09"]
[Round "4.5"]
[White "Belezky, Alexander"]
[Black "Opitz, Alexander"]
[Result "1-0"]
[WhiteElo "2413"]
[BlackElo "2308"]
[PlyCount "53"]
[EventDate "2012.10.14"]
[EventType "team-tourn"]
[EventRounds "9"]
[EventCountry "GER"]
[SourceTitle "CBM 154 Extra"]
[Source "ChessBase"]
[SourceDate "2013.06.25"]
[SourceVersion "2"]
[SourceVersionDate "2013.06.25"]
[SourceQuality "1"]
[WhiteTeam "Bayern Muenchen"]
[BlackTeam "Bindlach"]
[WhiteTeamCountry "GER"]
[BlackTeamCountry "GER"]

1. Nf3 c5 2. g3 g6 3. Bg2 Bg7 4. d3 Nc6 5. 0-0 e5 6. c4 Nge7 7. Nc3 d6 8. a3 0-0 9. Rb1 a5 10. Bd2 Rb8 11. Qa4 Bd7 12. Nb5 Nf5 13. Qd1 Ncd4 14. Nfxd4 exd4 15. b4 axb4 16. axb4 Bc6 17. bxc5 dxc5 18. Bf4 Ra8 19. Qd2 Ra4 20. Bh3 Bf6 21. Bc7 Qd7 22. Bb6 Re8 23. Bxc5 Rea8 24. Nd6 R8a5 25. Nxf5 gxf5 26. Qh6 Qe6 27. Qf8# 1-0

[Event "BL2-Ost 1112"]
[Site "Germany"]
[Date "2012.02.05"]
[Round "6.5"]
[White "Opitz, Alexander"]
[Black "Zebisch, Paul"]
[Result "1-0"]
[WhiteElo "2316"]
[BlackElo "2185"]
[PlyCount "73"]
[EventDate "2011.10.02"]
[EventType "team-tourn"]
[EventRounds "9"]
[EventCountry "GER"]
[SourceTitle "EXT 2015"]
[Source "ChessBase"]
[SourceDate "2014.11.20"]
[SourceVersion "1"]
[SourceVersionDate "2014.11.20"]
[SourceQuality "1"]
[WhiteTeam "Bindlach"]
[BlackTeam "Leipzig SG"]
[WhiteTeamCountry "GER"]
[BlackTeamCountry "GER"]

1. e4 e5 2. Nf3 Nc6 3. Bb5 a6 4. Ba4 Nf6 5. 0-0 b5 6. Bb3 Bc5 7. c3 d6 8. a4 Bg4 9. h3 Bh5 10. d3 0-0 11. Bg5 Rb8 12. axb5 axb5 13. g4 Bg6 14. Bd5 Ne7 15. Bxf6 gxf6 16. Bb3 d5 17. Nbd2 b4 18. Qe2 Qd7 19. Kg2 Rfd8 20. Rfd1 Qc6 21. c4 dxe4 22. dxe4 Ra8 23. Bc2 Rxa1 24. Rxa1 Bd4 25. Nxd4 Rxd4 26. f3 h5 27. Nb3 Rd8 28. c5 hxg4 29. hxg4 Bh7 30. Qa6 Kg7 31. Qxc6 Nxc6 32. Kf2 f5 33. exf5 f6 34. Be4 Bg8 35. Bxc6 Bxb3 36. Ke3 Bd5 37. Rd1 1-0

[Event "BL2-Ost 1112"]
[Site "Germany"]
[Date "2011.12.11"]
[Round "4.4"]
[White "Opitz, Alexander"]
[Black "Koepke, Elena"]
[Result "1-0"]
[WhiteElo "2316"]
[BlackElo "2324"]
[PlyCount "105"]
[EventDate "2011.10.02"]
[EventType "team-tourn"]
[EventRounds "9"]
[EventCountry "GER"]
[SourceTitle "EXT 2015"]
[Source "ChessBase"]
[SourceDate "2014.11.20"]
[SourceVersion "1"]
[SourceVersionDate "2014.11.20"]
[SourceQuality "1"]
[WhiteTeam "Bindlach"]
[BlackTeam "Muenchen Tarrasch"]
[WhiteTeamCountry "GER"]
[BlackTeamCountry "GER"]

1. e4 e5 2. Nf3 Nf6 3. Nxe5 d6 4. Nf3 Nxe4 5. d4 d5 6. Bd3 Bd6 7. 0-0 0-0 8. c4 c6 9. Qc2 Na6 10. a3 Bg4 11. Ne5 Bxe5 12. dxe5 Nac5 13. f3 Nxd3 14. Qxd3 Nc5 15. Qd4 Nb3 16. Qxg4 Nxa1 17. Bh6 g6 18. Nc3 Qb6+ 19. Kh1 Qxb2 20. Qf4 f6 21. Na4 Qxa3 22. e6 Qe7 23. Bxf8 Rxf8 24. cxd5 cxd5 25. Rxa1 Qxe6 26. Nc3 a6 27. Qd4 Rd8 28. Na4 Qe5 29. Qxe5 fxe5 30. Nc5 Rc8 31. Nxb7 Rc6 32. Kg1 Kg7 33. Rb1 Kf6 34. Na5 Rc2 35. Rb6+ Kf5 36. Rxa6 Kf4 37. Rc6 Ra2 38. Nb3 d4 39. Rc1 Rb2 40. Nc5 Rb5 41. Kf2 Rb2+ 42. Kf1 Rb5 43. Rc2 g5 44. Kf2 g4 45. Nd3+ Kf5 46. Rc5 Rb3 47. Nxe5 Ke6 48. Nxg4 Rb2+ 49. Kg3 Kd6 50. Rh5 d3 51. Nf2 d2 52. Ne4+ Ke6 53. Nxd2 1-0

[Event "BL2-Ost 1011"]
[Site "Germany"]
[Date "2011.03.20"]
[Round "8.2"]
[White "Opitz, Alexander"]
[Black "Zajogin, Alexander"]
[Result "1-0"]
[WhiteElo "2278"]
[BlackElo "2391"]
[PlyCount "79"]
[EventDate "2010.10.10"]
[EventType "team-tourn"]
[EventRounds "9"]
[EventCountry "GER"]
[SourceTitle "EXT 2012"]
[Source "ChessBase"]
[SourceDate "2011.11.24"]
[SourceVersion "1"]
[SourceVersionDate "2011.11.24"]
[SourceQuality "1"]
[WhiteTeam "Bindlach"]
[BlackTeam "Bayern Muenchen II"]
[WhiteTeamCountry "GER"]
[BlackTeamCountry "GER"]

1. e4 e5 2. Nf3 Nc6 3. Bb5 a6 4. Ba4 Nf6 5. 0-0 Be7 6. Re1 b5 7. Bb3 d6 8. c3 0-0 9. h3 Na5 10. Bc2 c5 11. d4 Qc7 12. Nbd2 Rd8 13. b3 cxd4 14. cxd4 Nc6 15. Bb2 Bb7 16. Rc1 Qa5 17. a3 exd4 18. b4 Qb6 19. Nb3 d5 20. e5 Ne4 21. Qd3 a5 22. bxa5 Nxa5 23. Nxa5 Rxa5 24. Nxd4 g6 25. Qe3 Bg5 26. f4 Bh4 27. Rf1 Rc8 28. Bxe4 Rxc1 29. Rxc1 dxe4 30. Kh2 Ra4 31. f5 gxf5 32. Qf4 Qd8 33. e6 Bg5 34. exf7+ Kxf7 35. Rc7+ Kg8 36. Qe5 Bf6 37. Qe6+ Kh8 38. Rxb7 Rxd4 39. Bxd4 Qxd4 40. Qe8# 1-0

[Event "BL2-Ost 1011"]
[Site "Germany"]
[Date "2010.11.14"]
[Round "3.5"]
[White "Rausch, Stephan"]
[Black "Opitz, Alexander"]
[Result "1-0"]
[WhiteElo "2333"]
[BlackElo "2278"]
[PlyCount "95"]
[EventDate "2010.10.10"]
[EventType "team-tourn"]
[EventRounds "9"]
[EventCountry "GER"]
[SourceTitle "EXT 2012"]
[Source "ChessBase"]
[SourceDate "2011.11.24"]
[SourceVersion "1"]
[SourceVersionDate "2011.11.24"]
[SourceQuality "1"]
[WhiteTeam "Leipzig Mitte"]
[BlackTeam "Bindlach"]
[WhiteTeamCountry "GER"]
[BlackTeamCountry "GER"]

1. d4 Nf6 2. Nf3 d5 3. c3 c6 4. Bg5 Ne4 5. Bf4 Bf5 6. Nbd2 e6 7. Nxe4 Bxe4 8. Nd2 Bg6 9. g3 Be7 10. Bg2 0-0 11. 0-0 Nd7 12. e4 dxe4 13. Nxe4 Nf6 14. Nxf6+ Bxf6 15. a4 Bg5 16. Bxg5 Qxg5 17. Re1 Rac8 18. h4 Qf5 19. Qb3 Rc7 20. Re5 Qc2 21. Qa3 h6 22. a5 Rd8 23. Rae1 Bd3 24. b4 Bc4 25. Qa1 Qg6 26. Kh2 Qf6 27. f4 b6 28. Qb2 Rdc8 29. Qb1 Bd5 30. Bf1 c5 31. axb6 axb6 32. dxc5 bxc5 33. c4 Bb7 34. b5 Rd7 35. Rd1 Qd8 36. Rxd7 Qxd7 37. Qd3 Qc7 38. Qe3 g6 39. h5 gxh5 40. Rxh5 Kg7 41. f5 Rh8 42. fxe6 fxe6 43. Qxe6 Bf3 44. Rf5 Rf8 45. Rxf8 Kxf8 46. Qf6+ Qf7 47. Qxf7+ Kxf7 48. Bg2 1-0

[Event "BL2-Ost 1011"]
[Site "Germany"]
[Date "2010.10.24"]
[Round "2.5"]
[White "Opitz, Alexander"]
[Black "Kyas, Juergen"]
[Result "1-0"]
[WhiteElo "2278"]
[BlackElo "2244"]
[PlyCount "167"]
[EventDate "2010.10.10"]
[EventType "team-tourn"]
[EventRounds "9"]
[EventCountry "GER"]
[SourceTitle "EXT 2012"]
[Source "ChessBase"]
[SourceDate "2011.11.24"]
[SourceVersion "1"]
[SourceVersionDate "2011.11.24"]
[SourceQuality "1"]
[WhiteTeam "Bindlach"]
[BlackTeam "Chemnitz USG"]
[WhiteTeamCountry "GER"]
[BlackTeamCountry "GER"]

1. e4 c5 2. c3 d5 3. exd5 Qxd5 4. d4 e6 5. Na3 Qd8 6. Bf4 Nf6 7. Nb5 Nd5 8. Bxb8 Rxb8 9. Nxa7 Bd7 10. Nb5 Be7 11. Nf3 0-0 12. a4 cxd4 13. Nbxd4 Bf6 14. Bd3 e5 15. Ne2 Bc6 16. 0-0 Qb6 17. Qb1 g6 18. Rc1 Ne3 19. Be4 Ng4 20. Rf1 Ne3 21. Re1 Ng4 22. Rf1 Ne3 23. Bxc6 Nxf1 24. Be4 Ne3 25. fxe3 Qxe3+ 26. Kf1 Rfd8 27. Ng3 Bg7 28. Qe1 Qf4 29. Qc1 Qg4 30. Qc2 f5 31. Nxf5 gxf5 32. Bxf5 Qh5 33. Kg1 Rf8 34. Be4 b6 35. b4 Qh6 36. Qd2 Qxd2 37. Nxd2 Rbc8 38. c4 Bh6 39. Bd5+ Kg7 40. Ne4 Be3+ 41. Kh1 Rf4 42. a5 bxa5 43. bxa5 Rxe4 44. Bxe4 Rxc4 45. Bb7 Bd4 46. Rd1 Ra4 47. a6 h6 48. h3 Kg6 49. Kh2 Ra3 50. Rd3 Ra4 51. Kg3 Bg1 52. Kf3 Rf4+ 53. Ke2 Rf2+ 54. Kd1 Ra2 55. Rd2 Ra3 56. Kc2 Bd4 57. Rd3 Ra1 58. Kb3 Kf5 59. Kc4 Rc1+ 60. Kd5 Rc5+ 61. Kd6 Ra5 62. Kc7 Ba7 63. Rf3+ Ke6 64. Bc8+ Kd5 65. Kb7 Bg1 66. Rf1 Be3 67. Bd7 Ra3 68. Rb1 Bf2 69. Rb4 Ra1 70. Ba4 e4 71. Bc6+ Kc5 72. Ra4 Rb1+ 73. Kc7 Bg3+ 74. Kd7 Rd1+ 75. Ke6 Kxc6 76. a7 Rd8 77. a8Q+ Rxa8 78. Rxa8 e3 79. Ra2 Kc5 80. Kf5 Kd4 81. Kg4 Be1 82. Kf3 Bd2 83. Ke2 Ke4 84. Ra3 1-0

[Event "BL2-Ost 0910"]
[Site "Germany"]
[Date "2010.03.01"]
[Round "7.5"]
[White "Opitz, Alexander"]
[Black "Schmidt, Georg"]
[Result "1-0"]
[WhiteElo "2268"]
[BlackElo "2362"]
[PlyCount "93"]
[EventDate "2009.10.18"]
[EventType "team-tourn"]
[EventRounds "9"]
[EventCountry "GER"]
[SourceTitle "EXT 2011"]
[Source "ChessBase"]
[SourceDate "2010.11.26"]
[SourceVersion "1"]
[SourceVersionDate "2010.11.26"]
[SourceQuality "1"]
[WhiteTeam "Bindlach"]
[BlackTeam "Muenchen Tarrasch"]
[WhiteTeamCountry "GER"]
[BlackTeamCountry "GER"]

1. e4 c5 2. c3 e6 3. d4 d5 4. exd5 exd5 5. Nf3 Nc6 6. Bb5 Bd6 7. dxc5 Bxc5 8. 0-0 Nge7 9. Nbd2 0-0 10. Nb3 Bb6 11. Re1 Bg4 12. Be3 Bxe3 13. Rxe3 Qd6 14. h3 Bh5 15. Qd2 Bxf3 16. Rxf3 Ne5 17. Rf4 Rfd8 18. Rd1 Qc7 19. Qc1 N7c6 20. Bd3 Rd6 21. Nd4 Nxd4 22. Rxd4 Qe7 23. Be4 dxe4 24. Rxd6 Nd3 25. R6xd3 exd3 26. Rxd3 g6 27. Qe3 Qxe3 28. Rxe3 Rd8 29. Re7 Rd1+ 30. Kh2 b5 31. Rxa7 Rd2 32. b4 Rxf2 33. Ra5 h5 34. Rxb5 Rxa2 35. h4 f6 36. Rb7 Rc2 37. Rc7 Rb2 38. Rc5 Kf7 39. b5 Ke6 40. c4 Ke7 41. Rc6 g5 42. b6 g4 43. Kg3 f5 44. Rh6 Rb4 45. b7 f4+ 46. Kxf4 Rxc4+ 47. Kg5 1-0

[Event "BL2-Ost 0910"]
[Site "Germany"]
[Date "2009.11.15"]
[Round "2.5"]
[White "Opitz, Alexander"]
[Black "Espig, Lutz"]
[Result "0-1"]
[WhiteElo "2268"]
[BlackElo "2359"]
[PlyCount "110"]
[EventDate "2009.10.18"]
[EventType "team-tourn"]
[EventRounds "9"]
[EventCountry "GER"]
[SourceTitle "EXT 2011"]
[Source "ChessBase"]
[SourceDate "2010.11.26"]
[SourceVersion "1"]
[SourceVersionDate "2010.11.26"]
[SourceQuality "1"]
[WhiteTeam "Bindlach"]
[BlackTeam "Plauen Koenig"]
[WhiteTeamCountry "GER"]
[BlackTeamCountry "GER"]

1. e4 c5 2. c3 d5 3. exd5 Qxd5 4. d4 e6 5. Nf3 Nf6 6. Be3 cxd4 7. cxd4 Nc6 8. Nc3 Qd8 9. a3 Be7 10. Bd3 0-0 11. 0-0 b6 12. Qe2 Bb7 13. Rad1 Rc8 14. Bg5 Na5 15. Ne5 h6 16. Bh4 Nd5 17. Bxe7 Nxc3 18. bxc3 Qxe7 19. Qb2 Rc7 20. f4 Rfc8 21. Rc1 Qd6 22. Rf2 f6 23. Bb1 Nc4 24. Nxc4 Rxc4 25. Ba2 R4c7 26. Qe2 Bd5 27. c4 Qxa3 28. Rd1 Rxc4 29. Bxc4 Bxc4 30. Qe1 f5 31. d5 Qd6 32. dxe6 Qxe6 33. Qd2 Re8 34. Rf3 a5 35. Rg3 Re7 36. Rc1 Kh7 37. h3 a4 38. Kh2 b5 39. Qc3 Qd6 40. Re1 Rc7 41. Qa5 Qxf4 42. Re8 Bd5 43. Qb6 Bf7 44. Ree3 b4 45. Ref3 Qc4 46. Rxg7+ Kxg7 47. Rg3+ Kf8 48. Qd6+ Re7 49. Qxh6+ Ke8 50. Qf6 Qc7 51. Qh8+ Kd7 52. h4 Bd5 53. Kh3 Qe5 54. Qh6 f4 55. Rg6 Be6+ 0-1

[Event "BL2-Ost 0910"]
[Site "Germany"]
[Date "2009.10.18"]
[Round "3.5"]
[White "Schoeneberg, Manfred"]
[Black "Opitz, Alexander"]
[Result "1/2-1/2"]
[WhiteElo "2298"]
[BlackElo "2268"]
[PlyCount "52"]
[EventDate "2009.10.18"]
[EventType "team-tourn"]
[EventRounds "9"]
[EventCountry "GER"]
[SourceTitle "EXT 2011"]
[Source "ChessBase"]
[SourceDate "2010.11.26"]
[SourceVersion "1"]
[SourceVersionDate "2010.11.26"]
[SourceQuality "1"]
[WhiteTeam "Leipzig Mitte"]
[BlackTeam "Bindlach"]
[WhiteTeamCountry "GER"]
[BlackTeamCountry "GER"]

1. e4 e5 2. Nc3 Nc6 3. Bc4 Nf6 4. d3 Na5 5. Nge2 Be7 6. f4 Nxc4 7. dxc4 exf4 8. Bxf4 d6 9. Ng3 0-0 10. Qd3 c6 11. h3 Be6 12. 0-0-0 Qa5 13. Nf5 Bxf5 14. exf5 Rad8 15. Rhe1 Rfe8 16. Bg5 h6 17. Bh4 a6 18. Re2 d5 19. Bxf6 Bxf6 20. Rxe8+ Rxe8 21. cxd5 cxd5 22. Nxd5 Qxa2 23. Nxf6+ gxf6 24. Qg3+ Kf8 25. Qd6+ Kg7 26. Qg3+ Kf8 1/2-1/2

[Event "GER-ch Net qual3 U25"]
[Site "Playchess.com INT"]
[Date "2009.05.17"]
[Round "5"]
[White "Opitz, Alexander"]
[Black "Figura, Atila Gajo"]
[Result "0-1"]
[WhiteElo "2247"]
[BlackElo "2417"]
[PlyCount "92"]
[EventDate "2009.05.17"]
[EventType "swiss (blitz)"]
[EventRounds "7"]
[EventCountry "GER"]
[SourceTitle "CBM 130 Extra"]
[Source "ChessBase"]
[SourceDate "2009.07.02"]
[SourceVersion "2"]
[SourceVersionDate "2009.07.15"]
[SourceQuality "1"]

1. e4 c5 2. c3 Nf6 3. e5 Nd5 4. Nf3 Nc6 5. Bc4 Nb6 6. Bb3 c4 7. Bc2 Qc7 8. Qe2 g5 9. h3 Bg7 10. 0-0 Nxe5 11. Nxg5 Nd5 12. d4 cxd3 13. Bxd3 h6 14. Nf3 d6 15. Nxe5 dxe5 16. Bb5+ Bd7 17. Rd1 Nb6 18. Be3 Bxb5 19. Qxb5+ Qc6 20. Qb3 Nc4 21. Bc1 Nd6 22. Nd2 Rg8 23. Nf1 Bf6 24. Qd5 Qxd5 25. Rxd5 Kd7 26. Bxh6 Ke6 27. Rdd1 Rg6 28. Be3 a6 29. b3 Bh8 30. c4 f5 31. Rac1 f4 32. Bd2 Rag8 33. g4 Nf5 34. Bc3 Nh4 35. Nd2 Bf6 36. Re1 Rh6 37. Re4 Nf5 38. Nf3 Nd6 39. Ree1 e4 40. Kh2 Rxg4 41. Nd4+ Bxd4 42. Bxd4 Kf5 43. Rc3 Rgh4 44. Bc5 f3 45. Bxd6 Rxh3+ 46. Kg1 Rh1# 0-1

[Event "GER-ch Net qual3 U25"]
[Site "Playchess.com INT"]
[Date "2009.05.17"]
[Round "2"]
[White "Opitz, Alexander"]
[Black "Gasthofer, Alexander"]
[Result "0-1"]
[WhiteElo "2247"]
[BlackElo "2441"]
[PlyCount "80"]
[EventDate "2009.05.17"]
[EventType "swiss (blitz)"]
[EventRounds "7"]
[EventCountry "GER"]
[SourceTitle "CBM 130 Extra"]
[Source "ChessBase"]
[SourceDate "2009.07.02"]
[SourceVersion "2"]
[SourceVersionDate "2009.07.15"]
[SourceQuality "1"]

1. e4 e6 2. d4 d5 3. Nc3 Bb4 4. e5 Ne7 5. a3 Bxc3+ 6. bxc3 c5 7. Qg4 Kf8 8. Bd2 Qc7 9. Bd3 cxd4 10. cxd4 b6 11. Nf3 Ba6 12. 0-0 h6 13. Nh4 Bxd3 14. cxd3 Nbc6 15. Rac1 Qd7 16. Rc2 Kg8 17. Rfc1 Rc8 18. f4 Nxd4 19. Rxc8+ Nxc8 20. f5 Nxf5 21. Nxf5 exf5 22. Qb4 Kh7 23. d4 Ne7 24. Qd6 Rd8 25. Rc7 Qxd6 26. exd6 Ng6 27. Rxa7 Rxd6 28. Rxf7 Rf6 29. Rd7 f4 30. Rxd5 f3 31. g3 f2+ 32. Kf1 Rf3 33. Rb5 Ne7 34. Rb2 Nf5 35. d5 Nd6 36. Bf4 Nc4 37. Rxf2 Rxa3 38. Rc2 b5 39. Rc1 Rd3 40. d6 g5 0-1

[Event "BL2-Ost 0809"]
[Site "Germany"]
[Date "2009.03.15"]
[Round "8.5"]
[White "Opitz, Alexander"]
[Black "Lisek, Juergen"]
[Result "1-0"]
[WhiteElo "2245"]
[BlackElo "2285"]
[PlyCount "121"]
[EventDate "2008.10.05"]
[EventType "team-tourn"]
[EventRounds "9"]
[EventCountry "GER"]
[SourceTitle "CBM 129 Extra"]
[Source "ChessBase"]
[SourceDate "2009.05.05"]
[SourceVersion "2"]
[SourceVersionDate "2009.05.20"]
[SourceQuality "1"]
[WhiteTeam "Bindlach"]
[BlackTeam "Pankow Rotation"]
[WhiteTeamCountry "GER"]
[BlackTeamCountry "GER"]

1. e4 c5 2. c3 Nf6 3. e5 Nd5 4. Nf3 Nc6 5. Bc4 Nb6 6. Bb3 d5 7. exd6 Qxd6 8. Na3 Be6 9. d4 c4 10. Bc2 g6 11. 0-0 Bg7 12. Qe2 0-0 13. Nd2 Rac8 14. Ne4 Qb8 15. Bg5 Bd5 16. Rad1 Rfe8 17. f4 Nd7 18. Bb1 e6 19. Nc2 Ne7 20. Ne3 Nf5 21. Qf2 Nxe3 22. Qxe3 b5 23. Qh3 f5 24. Nd2 Qb7 25. Nf3 Nf6 26. Ne5 Ne4 27. Bh6 Bf6 28. a3 a5 29. Nf3 b4 30. axb4 axb4 31. Ng5 Bxg5 32. Bxg5 Nxg5 33. fxg5 Rb8 34. Rde1 bxc3 35. bxc3 Qe7 36. Qg3 Rb2 37. Rf2 Reb8 38. Bc2 Ra8 39. Bd1 Rxf2 40. Kxf2 f4 41. Qg4 Qa3 42. Qh3 Qb2+ 43. Kf1 Ra1 44. Be2 f3 45. gxf3 Rxe1+ 46. Kxe1 Qxc3+ 47. Kf1 Qc1+ 48. Kf2 Qxg5 49. Qf1 Qf4 50. Qa1 Qxh2+ 51. Ke3 Qh6+ 52. Kf2 Qd2 53. Qa7 h5 54. Qb8+ Kh7 55. Qc7+ Kh6 56. Qe5 Qc2 57. Qh8+ Kg5 58. f4+ Kh4 59. Qf6+ Kh3 60. Qg5 Qc3 61. Bd1 1-0

[Event "BL2-Ost 0809"]
[Site "Germany"]
[Date "2009.03.01"]
[Round "7.5"]
[White "Quast, Michael"]
[Black "Opitz, Alexander"]
[Result "1/2-1/2"]
[WhiteElo "2250"]
[BlackElo "2245"]
[PlyCount "81"]
[EventDate "2008.10.05"]
[EventType "team-tourn"]
[EventRounds "9"]
[EventCountry "GER"]
[SourceTitle "CBM 129 Extra"]
[Source "ChessBase"]
[SourceDate "2009.05.05"]
[SourceVersion "2"]
[SourceVersionDate "2009.05.20"]
[SourceQuality "1"]
[WhiteTeam "Chemnitz"]
[BlackTeam "Bindlach"]
[WhiteTeamCountry "GER"]
[BlackTeamCountry "GER"]

1. e4 e5 2. Nf3 Nc6 3. Nc3 Nf6 4. g3 Bc5 5. Bg2 d6 6. d3 a6 7. Be3 Bxe3 8. fxe3 Ne7 9. Nh4 Be6 10. 0-0 Qd7 11. d4 c6 12. Qe2 Bg4 13. Bf3 Bh3 14. Bg2 Bg4 15. Qd3 0-0 16. Na4 Rad8 17. c4 b5 18. Nc3 d5 19. cxb5 cxb5 20. dxe5 dxe4 21. Qc2 Nfd5 22. Nxd5 Qxd5 23. Qxe4 Qxe4 24. Bxe4 Rd2 25. Rf2 Rfd8 26. Raf1 Be2 27. Re1 Bc4 28. Nf3 Rd1 29. Rc2 Rxe1+ 30. Nxe1 Bxa2 31. Rc7 Ng6 32. Nf3 a5 33. h4 a4 34. Rc5 Bc4 35. Nd4 Rb8 36. Nc6 Re8 37. Bxg6 hxg6 38. Nd4 Rb8 39. Nc6 Rb7 40. Na5 Rb8 41. Nxc4 1/2-1/2

[Event "BL2-Ost 0809"]
[Site "Germany"]
[Date "2008.11.30"]
[Round "3.7"]
[White "Opitz, Alexander"]
[Black "Doeres, Hans Juergen"]
[Result "1/2-1/2"]
[WhiteElo "2245"]
[BlackElo "2245"]
[PlyCount "81"]
[EventDate "2008.10.05"]
[EventType "team-tourn"]
[EventRounds "9"]
[EventCountry "GER"]
[SourceTitle "CBM 129 Extra"]
[Source "ChessBase"]
[SourceDate "2009.05.05"]
[SourceVersion "2"]
[SourceVersionDate "2009.05.20"]
[SourceQuality "1"]
[WhiteTeam "Bindlach"]
[BlackTeam "Forchheim"]
[WhiteTeamCountry "GER"]
[BlackTeamCountry "GER"]

1. e4 c5 2. c3 Nf6 3. e5 Nd5 4. Nf3 b6 5. d4 cxd4 6. cxd4 Bb7 7. Bd3 e6 8. 0-0 Be7 9. Nc3 Nxc3 10. bxc3 0-0 11. Qc2 h6 12. Qe2 d6 13. Bf4 dxe5 14. Qxe5 Qd5 15. a4 Nd7 16. Qxd5 Bxd5 17. c4 Bxf3 18. gxf3 Bf6 19. Be3 e5 20. dxe5 Nxe5 21. Be2 Rac8 22. Rac1 Be7 23. Rfd1 Ba3 24. Rc2 Rfd8 25. Rxd8+ Rxd8 26. a5 Bc5 27. axb6 axb6 28. Rd2 Rxd2 29. Bxd2 Kf8 30. Kg2 Nc6 31. f4 Ke7 32. Bf3 Nd4 33. Bd5 g6 34. Bc3 Nf5 35. Be4 Nd6 36. Bd5 h5 37. Kf3 b5 38. cxb5 Nxb5 39. Bd2 Bd4 40. Bc6 Nc7 41. Be3 1/2-1/2

[Event "GER-ch Net final U25"]
[Site "Playchess.com INT"]
[Date "2008.06.15"]
[Round "7"]
[White "Hastrich, Julian"]
[Black "Opitz, Alexander"]
[Result "1-0"]
[WhiteElo "2065"]
[BlackElo "2229"]
[PlyCount "121"]
[EventDate "2008.06.15"]
[EventType "swiss (blitz)"]
[EventRounds "9"]
[EventCountry "GER"]
[SourceTitle "CBM 124 Extra"]
[Source "ChessBase"]
[SourceDate "2008.07.03"]
[SourceVersion "1"]
[SourceVersionDate "2008.07.03"]
[SourceQuality "1"]

1. e4 e5 2. Nf3 Nc6 3. Bb5 a6 4. Ba4 Nf6 5. 0-0 Be7 6. Re1 b5 7. Bb3 d6 8. h3 Na5 9. c3 Nxb3 10. axb3 c5 11. d3 0-0 12. Nbd2 Qc7 13. Nf1 Be6 14. Bg5 h6 15. Bh4 a5 16. Ne3 Ra6 17. Bg3 Rfa8 18. Nh4 a4 19. bxa4 Rxa4 20. Rxa4 bxa4 21. Nhf5 Bf8 22. f4 a3 23. bxa3 Rxa3 24. fxe5 dxe5 25. c4 g6 26. Nh4 Nh5 27. Bh2 Nf4 28. Bxf4 exf4 29. Nd5 Qe5 30. Nf3 Qb8 31. Qc2 Rb3 32. Rd1 g5 33. Nh2 Rb2 34. Nf6+ Kh8 35. Qa4 Bg7 36. Qe8+ Qxe8 37. Nxe8 Bd4+ 38. Kh1 f5 39. Nc7 Bd7 40. Nf3 Ba4 41. Ra1 Rb7 42. Rxa4 Rxc7 43. Nxd4 cxd4 44. exf5 Rb7 45. f6 Kg8 46. Ra8+ Kf7 47. Rh8 Rb3 48. c5 Rxd3 49. c6 Rc3 50. c7 Kxf6 51. c8Q Rxc8 52. Rxc8 Kf5 53. Kg1 h5 54. Kf2 g4 55. Rc5+ Ke4 56. Rxh5 g3+ 57. Ke2 d3+ 58. Kd2 f3 59. gxf3+ Kxf3 60. Kxd3 g2 61. Rg5 1-0

[Event "GER-ch Net qual3 U25"]
[Site "Playchess.com INT"]
[Date "2008.06.08"]
[Round "5"]
[White "Elser, Niklas"]
[Black "Opitz, Alexander"]
[Result "0-1"]
[WhiteElo "1858"]
[BlackElo "2229"]
[PlyCount "108"]
[EventDate "2008.06.08"]
[EventType "swiss (blitz)"]
[EventRounds "7"]
[EventCountry "GER"]
[SourceTitle "CBM 124 Extra"]
[Source "ChessBase"]
[SourceDate "2008.07.03"]
[SourceVersion "1"]
[SourceVersionDate "2008.07.03"]
[SourceQuality "1"]

1. e4 e5 2. Nf3 Nc6 3. Bc4 Bc5 4. c3 Nf6 5. d4 exd4 6. 0-0 Nxe4 7. cxd4 d5 8. dxc5 dxc4 9. Qe2 Qd3 10. Re1 f5 11. Ng5 0-0 12. Qxd3 cxd3 13. Nxe4 fxe4 14. Nc3 Bf5 15. Nxe4 Nd4 16. Ng3 Nc2 17. Be3 Nxa1 18. Rxa1 Rad8 19. Rd1 Be6 20. a3 Bb3 21. Rd2 Rfe8 22. Kf1 b6 23. Nf5 Bc4 24. b4 Re5 25. Ng3 Rde8 26. h3 bxc5 27. bxc5 Rb8 28. Kg1 Rb3 29. Bd4 Re1+ 30. Kh2 g6 31. c6 Rxa3 32. Rb2 Rb3 33. Ra2 a6 34. Rd2 Rbb1 35. h4 a5 36. Bc3 a4 37. h5 Red1 38. hxg6 hxg6 39. Ne4 Rxd2 40. Bxd2 a3 41. Bf4 a2 42. Bxc7 a1Q 43. Bf4 Qa6 44. c7 Be6 45. Nc5 Qc6 46. Nxd3 Rb7 47. Ne5 Qxc7 48. Nxg6 Qf7 49. Ne5 Qxf4+ 50. g3 Qxe5 51. Kg2 Rb2 52. Kf3 Qe2+ 53. Kf4 Qxf2+ 54. Kg5 Qxg3+ 0-1